01573nam a2200349Ia 4500001001200000003000800012006001900020007001500039008004100054010001700095020002600112020004200138040002100180035002100201050002300222100002100245245011600266260006000382300001400442490007300456504005100529533015200580630010200732630008300834630006500917650001800982650003701000650001401037655002901051710001701080856012601097ebr10631657CaPaEBRm u cr cn|||||||||120803s2013 ne sb 001 0 eng d z 2012031417 z9789004227187 (ebook) z9789004228375 (hardback : alk. paper) aCaPaEBRcCaPaEBR a(OCoLC)84309381814aK3240b.C67 2013eb1 aCosta, Karen da.14aThe extraterritorial application of selected human rights treatiesh[electronic resource] /cby Karen da Costa. aLeiden ;aBoston :bMartinus Nijhoff Publishers,c2013. ax, 324 p.0 aGraduate institute of international and development studies ;vv. 11 aIncludes bibliographical references and index. aElectronic reproduction.bPalo Alto, Calif. :cebrary,d2013.nAvailable via World Wide Web.nAccess may be limited to ebrary affiliated libraries.00aConvention against Torture and Other Cruel, Inhuman, or Degrading Treatment or Punishmentd(1984)00aConvention for the Protection of Human Rights and Fundamental Freedomsd(1950)00aInternational Covenant on Civil and Political Rightsd(1966) 0aHuman rights. 0aInternational and municipal law. 0aTreaties. 7aElectronic books.2local2 aebrary, Inc.40uhttp://site.ebrary.com/lib/rucke/Doc?id=10631657zAn electronic book accessible through the World Wide Web; click to view